HANDBOOK 2019 FOR CENTRAL GOVERNMENT STAFF (Record no. 5761)

MARC details
000 -LEADER
fixed length control field 00390nam a22001457a 4500
005 - DATE AND TIME OF LATEST TRANSACTION
control field 20181222160011.0
008 - FIXED-LENGTH DATA ELEMENTS--GENERAL INFORMATION
fixed length control field 181222b xxu||||| |||| 00| 0 eng d
041 ## - LANGUAGE CODE
Language code of text/sound track or separate title eng
100 ## - MAIN ENTRY--AUTHOR NAME
Personal name MUTHUSWAMY, BRINDA SANJEEV
245 ## - TITLE STATEMENT
Title HANDBOOK 2019 FOR CENTRAL GOVERNMENT STAFF
250 ## - EDITION STATEMENT
Edition statement forty-fifth edition (2019)
260 ## - PUBLICATION, DISTRIBUTION, ETC. (IMPRINT)
Place of publication CHENNAI
Name of publisher SWAMY PUBLISHERS
300 ## - PHYSICAL DESCRIPTION
Number of Pages 448p,
942 ## - ADDED ENTRY ELEMENTS (KOHA)
Koha item type Books
Holdings
Lost status Damaged status Home library Current library Date acquired Source of acquisition Cost, normal purchase price Accession Number Koha item type
    JRU Library JRU Library 22/12/2018 LOHIA BOOKS INTERNATIONAL 420.00 22487 Books